|
|
|
|
| LEADER |
00897nam a2200265 a 4500 |
| 001 |
7424 |
| 003 |
BD-DhAAL |
| 005 |
20150311121150.0 |
| 008 |
150311s2004 maua 000 0deng |
| 010 |
|
|
|a 2002015006
|
| 020 |
|
|
|a 0072530189 (acidfree paper)
|
| 040 |
|
|
|a DLC
|c DLC
|d DLC
|d BD-DhAAL
|
| 050 |
0 |
0 |
|a QB45.2
|b .A78 2004
|
| 082 |
0 |
0 |
|a 520
|2 21
|
| 100 |
1 |
|
|a Arny, Thomas.
|9 9400
|
| 245 |
1 |
0 |
|a Explorations :
|b stars, galaxies, and planets /
|c Thomas T. Arny.
|
| 250 |
|
|
|a Updated ed.
|
| 260 |
|
|
|a Boston :
|b McGraw-Hill,
|c c2004.
|
| 300 |
|
|
|a xix, 586 p. :
|b ill. (some col.) ;
|c 27 cm.+
|
| 504 |
|
|
|a Includes Bibliographic references and index.
|
| 541 |
|
|
|e 7424
|
| 650 |
|
0 |
|a Astronomy.
|9 9401
|
| 942 |
|
|
|2 ddc
|c BK
|
| 999 |
|
|
|c 33974
|d 33974
|
| 952 |
|
|
|0 0
|1 0
|2 ddc
|4 0
|6 520_000000000000000_ARN
|7 0
|9 53022
|a SCL
|b SCL
|c GEN
|d 2015-03-11
|l 3
|m 14
|o 520 ARN
|p 3020007424
|r 2024-12-22
|s 2024-11-03
|t 1
|w 2015-03-11
|y BK
|